000 00397nam a2200169Ia 4500
999 _c31826
_d31826
003 OSt
005 20250616113046.0
008 250310s9999||||xx |||||||||||||| ||und||
020 _a0 09 942787 7
040 _c.
082 _a823
_bP994
100 _95995
_aPuzo, Mario
245 0 _aThe last don /
_cMario Puzo
260 _aLondon :
_bArrow books,
_c1997.
300 _a482 p.
942 _cBK
_2ddc